Employees' State Insurance Act, 1948 (Record no. 1191019)

MARC details
000 -LEADER
fixed length control field 00805nam a2200265Ia 4500
003 - CONTROL NUMBER IDENTIFIER
control field OSt
005 - DATE AND TIME OF LATEST TRANSACTION
control field 20221007110621.0
008 - FIXED-LENGTH DATA ELEMENTS--GENERAL INFORMATION
fixed length control field 221006b |||||||| |||| 00| 0 eng d
037 ## - SOURCE OF ACQUISITION
Terms of availability Textual
040 ## - CATALOGING SOURCE
Original cataloging agency LCO
Transcribing agency LCO
Language of cataloging eng
041 ## - LANGUAGE CODE
Source of code eng
Language code of text/sound track or separate title eng
100 ## - MAIN ENTRY--PERSONAL NAME
Personal name Vohra D.N.
245 #0 - TITLE STATEMENT
Title Employees' State Insurance Act, 1948
250 ## - EDITION STATEMENT
Edition statement 4th
260 ## - PUBLICATION, DISTRIBUTION, ETC.
Place of publication, distribution, etc. Delhi
Name of publisher, distributor, etc. Labour Law Publishers India
Date of publication, distribution, etc. 1978
300 ## - PHYSICAL DESCRIPTION
Extent 238+290
500 ## - GENERAL NOTE
General note Including Amendment Act of 1975 with Employees' State ( Central) Rules and Employees' State Insurance Regulations
650 ## - SUBJECT ADDED ENTRY--TOPICAL TERM
Topical term or geographic name entry element INSURANCE ACT
9 (RLIN) 701447
942 ## - ADDED ENTRY ELEMENTS (KOHA)
Classification part X81:97B:(Z2)qN48, L8
Koha item type Textual
Holdings
Withdrawn status Lost status Damaged status Not for loan Home library Current library Date acquired Total Checkouts Full call number Barcode Date last seen Price effective from Koha item type
        Law Centre-I Library Law Centre-I Library 2022-10-07   X81:97B:(Z2)qN48 L8 LO0628225 2022-10-07 2022-10-07 Textual
Copyright @ Delhi University Library System